|
|
|
|
| LEADER |
00000cam a2200000 7i4500 |
| 001 |
0000000562 |
| 005 |
20000907.0 |
| 020 |
0 |
0 |
|a 185383646X
|
| 090 |
0 |
0 |
|a 341.762
|b GLO 1999
|
| 245 |
0 |
4 |
|a The GLOBAL environment :
|b Institutions, law, and policy
|c edited by Norman J. Vig, Regina S. Axelrod
|
| 260 |
0 |
0 |
|a London :
|b Earthscan Pub. ,
|c 1999
|
| 300 |
|
|
|a xv, 352 p. ;
|c 24 cm.
|
| 500 |
0 |
0 |
|a Includes bibliographical references and index
|
| 650 |
0 |
0 |
|a Environmental law, International
|
| 650 |
0 |
0 |
|a Environmental policy
|
| 700 |
0 |
1 |
|a Axelrod
|h Regina S.
|
| 700 |
0 |
1 |
|a Vig
|h Norman J.
|
| 999 |
|
|
|a 0000001669
|b Monograph
|c Open Shelf
|e Default branch
|